| 000 | 00629nmm a2200241 a 4500 | ||
|---|---|---|---|
| 003 | AR-BaBNM | ||
| 005 | 20251128203215.0 | ||
| 008 | 011101s1962 ||||||||||||||000 | spa|| | ||
| 040 | _cAR-BaBNM | ||
| 100 | 1 | _aOrguelt, Margarita | |
| 245 | 1 | 0 | _aRegreso a mi isla dorada |
| 260 |
_aBuenos Aires _bFondo Nacional de las Artes _c1962 |
||
| 300 | 0 | _a194 p. | |
| 500 | 0 | _aDonación Ana Adela de Machini | |
| 650 | 4 | _aLITERATURA ARGENTINA | |
| 650 | 4 | _aAUTOBIOGRAFIAS | |
| 650 | 4 | _aLITERATURA CONTEMPORANEA | |
| 653 | 0 | _aNOVELA BIOGRAFICA | |
| 653 | 0 | _aNARRATIVA | |
| 655 | _aLITERATURA | ||
| 942 | _cBK | ||
| 998 | _cMARTIN | ||
| 999 |
_c2394 _d2394 |
||